Canadian Provinces and Territories by HDI - Statistics

General Stats
  • This quiz has been taken 101 times
  • The average score is 7 of 13
Answer Stats
HDI Province/territory % Correct
0.946 Ontario
97%
0.950 British Columbia
94%
0.952 Alberta
90%
0.930 Quebec
71%
0.933 Prince Edward Island
65%
0.911 Manitoba
45%
0.908 New Brunswick
42%
0.933 Northwest Territories
42%
0.933 Nunavut
42%
0.933 Yukon
42%
0.913 Nova Scotia
39%
0.924 Saskatchewan
39%
0.905 Newfoundland and Labrador
32%
No matching quizzes found
Score Distribution
Percent of People with Each Score
Percentile by Number Answered
Your Score History
You have not taken this quiz